000 01302nam a2200325Ia 4500
001 ebr10465658
003 CaPaEBR
006 m u
007 cr cn|||||||||
008 040618s2005 nyua sbf 001 0 eng d
010 _z 2004054724
020 _z9780195169300
020 _z0195169301
040 _aCaPaEBR
_cCaPaEBR
035 _a(OCoLC)606028021
050 1 4 _aRC386.6.N48
_bH36 2005eb
082 0 4 _a616.8/0475
_222
245 0 0 _aHandbook of normative data for neuropsychological assessment
_h[electronic resource] /
_cMaura Mitrushina ... [et al.].
250 _a2nd ed.
260 _aNew York :
_bOxford University Press,
_c2005.
300 _axxii, 1029 p. :
_bill.
504 _aIncludes bibliographical references and indexes.
533 _aElectronic reproduction.
_bPalo Alto, Calif. :
_cebrary,
_d2011.
_nAvailable via World Wide Web.
_nAccess may be limited to ebrary affiliated libraries.
650 0 _aNeuropsychological tests
_vHandbooks, manuals, etc.
650 0 _aReference values (Medicine)
_vHandbooks, manuals, etc.
655 7 _aElectronic books.
_2local
700 1 _aMitrushina, Maura N.
710 2 _aebrary, Inc.
856 4 0 _uhttp://site.ebrary.com/lib/rucke/Doc?id=10465658
_zAn electronic book accessible through the World Wide Web; click to view
999 _c132181
_d132181